000 00692nam a2200205 i 4500
001 35647
003 ES-MaACL
005 20230911063134.0
007 t|
008 030213s1951 sp ||||1| spa d
100 1 _aBosch Millares, Juan,
_d1893-1983
_930662
245 1 0 _aDon Alfonso Espínola Vega /
_cJuan Bosch Millares.
260 _a[S.l. :
_bs.n.,
_c1951] (
_fConsejo Superior de Investigaciones Científicas)
300 _a97 p., 14 lám. ;
_c24 cm.
490 1 _aEl Museo Canario
710 2 _aConsejo Superior de Investigaciones Científicas (España)
_93236
830 0 _aEl Museo Canario
_9181588
852 _aES-MaACL
_j1963-F-1
_bR.36765
999 _c35647
_d35647